[Event "Challenge"]
[Site "http://www.queenalice.com/game.php?id=54009"]
[Date "2006.2.21"]
[Round "-"]
[White "deep"]
[Black "Garajau"]
[Result "1-0"]
[WhiteElo "1845"]
[BlackElo "1700"]

1. e4 e5 2. Nf3 Nc6 3. Bb5 a6 4. Ba4 d6 5. Bxc6+ bxc6 6. h3 Nf6 7. Nc3 Be6 8. d4
exd4 9. Nxd4 Qd7 10. O-O c5 11. Nf3 c6 12. e5 Nd5 13. Ne4 h6 14. exd6 Bxd6 15.
Nxd6+ Qxd6 16. c4 O-O 17. cxd5 cxd5 18. b3 Rac8 19. Bb2 f6 20. Ba3 Qd7 21. Rc1
Rc6 22. Re1 Rfc8 23. Qe2 c4 24. Nd4 1-0

[Event "AUTO-MASTER-119"]
[Site "http://www.queenalice.com/game.php?id=58515"]
[Date "2006.3.21"]
[Round "1"]
[White "Garajau"]
[Black "maeaton"]
[Result "0-1"]
[WhiteElo "1712"]
[BlackElo "2034"]

1. d4 e6 2. c4 d5 3. Nc3 Nf6 4. cxd5 exd5 5. Nf3 c6 6. Bg5 Bf5 7. e3 Nbd7 8. Bd3
Bxd3 9. Qxd3 Bd6 10. O-O O-O 11. Ne2 Qb6 12. b3 Rfe8 13. Bf4 Qc7 14. Rfc1 Re4
15. Ng5 Ree8 16. a4 Rad8 17. Bxd6 Qxd6 0-1

[Event "AUTO-MASTER-119"]
[Site "http://www.queenalice.com/game.php?id=58516"]
[Date "2006.3.21"]
[Round "1"]
[White "maeaton"]
[Black "Garajau"]
[Result "1-0"]
[WhiteElo "2037"]
[BlackElo "1586"]

1. e4 e5 2. Nc3 Nf6 3. g3 Bb4 4. Bg2 d6 5. Nf3 Bxc3 6. dxc3 Nxe4 7. Nxe5 O-O 8.
Bxe4 dxe5 9. Be3 c6 10. Qe2 Re8 11. O-O f5 12. Rfd1 Qf6 13. Bg2 Be6 14. Rd6 Nd7
15. Re1 Qf7 16. a4 f4 17. Bxf4 Bc4 18. Qd1 exf4 19. Rxe8+ Rxe8 20. Rxd7 1-0

[Event "AUTO-MASTER-119"]
[Site "http://www.queenalice.com/game.php?id=58517"]
[Date "2006.3.21"]
[Round "1"]
[White "Garajau"]
[Black "tesselizaga"]
[Result "1-0"]
[WhiteElo "1729"]
[BlackElo "1100"]

1. d4 e6 2. c4 Nf6 3. Nc3 c6 4. e4 d5 5. e5 Nfd7 6. c5 Be7 7. Bd3 b6 8. b4 bxc5
9. bxc5 Ba6 10. Nf3 O-O 11. h4 f6 12. Ng5 fxg5 13. Bxh7+ Kxh7 14. hxg5+ Kg8 15.
Rh8+ Kxh8 16. Qh5+ Kg8 17. g6 Nf6 18. exf6 1-0

[Event "AUTO-MASTER-119"]
[Site "http://www.queenalice.com/game.php?id=58518"]
[Date "2006.3.21"]
[Round "1"]
[White "tesselizaga"]
[Black "Garajau"]
[Result "0-1"]
[WhiteElo "1100"]
[BlackElo "1729"]

1. e4 e5 2. f4 exf4 3. Nc3 Qh4+ 4. Ke2 d5 5. Nxd5 Bg4+ 6. Nf3 Nc6 7. Nxc7+ Kd8
8. Nxa8 Ne5 9. d4 Nxf3 10. gxf3 Bxf3+ 11. Kxf3 Qh5+ 12. Kxf4 Qxd1 13. Kg3 Nf6
14. Bg5 Qg4+ 15. Kf2 Qxg5 16. Bg2 Qf4+ 17. Ke2 Ng4 18. Rae1 Qe3+ 0-1

[Event "AUTO-MASTER-119"]
[Site "http://www.queenalice.com/game.php?id=58519"]
[Date "2006.3.21"]
[Round "1"]
[White "Garajau"]
[Black "Luciano_Matte"]
[Result "0-1"]
[WhiteElo "1729"]
[BlackElo "1944"]

1. d4 Nf6 2. c4 g6 3. Nc3 Bg7 4. e4 d6 5. Nf3 O-O 6. Bd3 c5 7. Be3 Ng4 8. h3
Nxe3 9. fxe3 Nc6 10. d5 Ne5 11. Kd2 a6 12. a4 Bd7 13. Bc2 Nxc4+ 14. Kc1 Nxe3 15.
Qe2 Nxc2 16. Qxc2 b5 17. axb5 axb5 18. Rxa8 Qxa8 0-1

[Event "AUTO-MASTER-119"]
[Site "http://www.queenalice.com/game.php?id=58520"]
[Date "2006.3.21"]
[Round "1"]
[White "Luciano_Matte"]
[Black "Garajau"]
[Result "1-0"]
[WhiteElo "1965"]
[BlackElo "1586"]

1. Nf3 d5 2. g3 c5 3. Bg2 Nf6 4. O-O e6 5. d3 Be7 6. c4 O-O 7. Nc3 Nbd7 8. Bf4
Nb6 9. cxd5 exd5 10. a4 Be6 11. Ng5 Nh5 12. Nxe6 fxe6 13. Be5 Nd7 14. f4 Nxe5
15. fxe5 Rxf1+ 16. Qxf1 Qf8 17. e3 Qxf1+ 18. Rxf1 g6 19. d4 Rf8 20. Bh3 Rxf1+
21. Kxf1 1-0

[Event "Challenge"]
[Site "http://www.queenalice.com/game.php?id=59416"]
[Date "2006.3.25"]
[Round "-"]
[White "Garajau"]
[Black "CPereira"]
[Result "0-1"]
[WhiteElo "1608"]
[BlackElo "1796"]

1. d4 d5 2. c4 Nf6 3. Nc3 e6 4. Bg5 Be7 5. cxd5 Nxd5 6. Bxe7 Qxe7 7. Nxd5 exd5
8. e3 a6 9. Bd3 Qb4+ 10. Qd2 Nc6 11. a3 Qxd2+ 12. Kxd2 Na5 13. Rb1 b5 0-1

[Event "Challenge"]
[Site "http://www.queenalice.com/game.php?id=59417"]
[Date "2006.3.25"]
[Round "-"]
[White "CPereira"]
[Black "Garajau"]
[Result "1-0"]
[WhiteElo "1813"]
[BlackElo "1596"]

1. e4 e5 2. Nf3 d6 3. Nc3 Nf6 4. Bc4 Be6 5. Bxe6 fxe6 6. Ng5 Qe7 7. d3 h6 8. Nf3
Nc6 9. Be3 O-O-O 10. a3 g5 11. h3 d5 12. exd5 exd5 13. Nb5 1-0

[Event "AUTO-MASTER-121"]
[Site "http://www.queenalice.com/game.php?id=59516"]
[Date "2006.3.26"]
[Round "1"]
[White "bragchez"]
[Black "Garajau"]
[Result "1-0"]
[WhiteElo "1590"]
[BlackElo "1668"]

1. Nf3 d5 2. b3 Nc6 3. a3 e5 4. Bb2 Bd6 5. e3 f6 6. Bb5 a6 7. Be2 e4 8. Nd4 Nge7
9. Nxc6 bxc6 10. d4 Be6 11. Nc3 O-O 12. h3 f5 13. Na4 1-0

[Event "AUTO-MASTER-121"]
[Site "http://www.queenalice.com/game.php?id=59517"]
[Date "2006.3.26"]
[Round "1"]
[White "Garajau"]
[Black "bragchez"]
[Result "0-1"]
[WhiteElo "1706"]
[BlackElo "1569"]

1. d4 Nf6 2. c4 d6 3. Nc3 g6 4. Nf3 Bg7 5. e3 a6 6. b3 Nc6 7. Bb2 Bg4 8. h3 Bxf3
9. gxf3 O-O 10. d5 Ne5 11. f4 Ned7 12. Bd3 Nc5 13. f3 e5 0-1

[Event "AUTO-MASTER-121"]
[Site "http://www.queenalice.com/game.php?id=59532"]
[Date "2006.3.26"]
[Round "1"]
[White "rodrigosoares"]
[Black "Garajau"]
[Result "1-0"]
[WhiteElo "1792"]
[BlackElo "1636"]

1. d4 d5 2. c4 Nf6 3. Nc3 e6 4. Bg5 Be7 5. Nf3 O-O 6. e3 Nbd7 7. Bd3 c6 8. O-O
Nh5 9. Bxe7 Qxe7 10. Qc2 g6 11. Rfc1 Ndf6 12. Ne5 Bd7 13. cxd5 exd5 14. Nxd7
Qxd7 15. Qe2 1-0

[Event "AUTO-MASTER-121"]
[Site "http://www.queenalice.com/game.php?id=59533"]
[Date "2006.3.26"]
[Round "1"]
[White "Garajau"]
[Black "rodrigosoares"]
[Result "0-1"]
[WhiteElo "1620"]
[BlackElo "1802"]

1. d4 d5 2. c4 c6 3. Nf3 Nf6 4. Nc3 Bg4 5. e3 Nbd7 6. cxd5 cxd5 7. Bd3 e6 8. a3
Be7 9. b4 O-O 10. h3 Bxf3 11. gxf3 Qc7 12. Bd2 Nb6 13. Ke2 Rac8 14. Qb1 Nc4 15.
Qb3 Nxd2 16. Kxd2 Qd7 0-1

[Event "AUTO-MASTER-121"]
[Site "http://www.queenalice.com/game.php?id=59542"]
[Date "2006.3.26"]
[Round "1"]
[White "marte"]
[Black "Garajau"]
[Result "1-0"]
[WhiteElo "2015"]
[BlackElo "1745"]

1. d4 d5 2. c4 e6 3. Nf3 Bb4+ 4. Bd2 Bxd2+ 5. Nbxd2 Nf6 6. e3 O-O 7. Bd3 b6 8.
O-O Bb7 9. Qc2 g6 10. Rfd1 Nbd7 11. b4 c5 12. bxc5 bxc5 13. Rab1 Qc7 14. cxd5
Nxd5 15. Be4 Rac8 16. Rdc1 f5 17. Bd3 Qb8 18. Bc4 N7f6 19. Ng5 Rfe8 20. Qb3 Rc7
21. dxc5 Qa8 22. e4 Nf4 23. g3 1-0

[Event "AUTO-MASTER-121"]
[Site "http://www.queenalice.com/game.php?id=59543"]
[Date "2006.3.26"]
[Round "1"]
[White "Garajau"]
[Black "marte"]
[Result "1-0"]
[WhiteElo "1633"]
[BlackElo "2015"]

1. d4 d5 2. c4 e6 3. Nc3 Nf6 4. Nf3 Be7 5. e3 O-O 6. Bd3 Nbd7 7. O-O c5 8. cxd5
exd5 9. Re1 b6 10. a3 Bb7 11. b3 Rc8 12. Bb2 Ne4 13. Nd2 Ndf6 14. dxc5 Nxc5 15.
Bf5 Ra8 16. b4 Nce4 17. Ncxe4 Nxe4 18. Nxe4 dxe4 19. Qg4 Bf6 20. Red1 Bxb2 21.
Rxd8 Raxd8 22. Rd1 g6 23. Rxd8 Rxd8 24. g3 Bg7 25. Bd7 h5 26. Qh3 Bb2 27. a4 Kg7
28. b5 f5 29. Bc6 Rd1+ 30. Kg2 Bxc6 31. bxc6 Bf6 32. g4 1-0